书目信息 |
| 题名: |
中华人民共和国政治体制沿革大事记
|
|
| 作者: | 洪承华 , 郭秀芝 编 | |
| 分册: | ||
| 出版信息: | 北京 春秋出版社 1987 |
|
| 页数: | 509页 | |
| 开本: | 20cm | |
| 丛书名: | 政治体制改革研究与资料丛书 | |
| 单 册: | ||
| 中图分类: | D621 | |
| 科图分类: | ||
| 主题词: | 政治--中国 | |
| 电子资源: | ||
| ISBN: | 7-5069-0022-X | |
| 000 | 00826nam2 2200265 45 | |
| 001 | 0187001672 | |
| 005 | 20050623154643.3 | |
| 010 | @a7-5069-0022-X@dCNY3.80 | |
| 100 | @a19900808d1987 emky0chiy0121 ea | |
| 101 | 0 | @achi |
| 102 | @aCN@b110000 | |
| 105 | @ay z 000yd | |
| 200 | 10 | @a中华人民共和国政治体制沿革大事记@Azhong hua ren min gong he guo zheng zhi ti zhi yan ge da shi ji@e1949~1978@f洪承华,郭秀芝编@FHong Cheng Hua,Guo Xiu Zhi Bian |
| 210 | @a北京@c春秋出版社@d1987 | |
| 215 | @a509页@d20cm | |
| 225 | 2 | @a政治体制改革研究与资料丛书 |
| 410 | 0 | @120010@a政治体制改革研究与资料丛书 |
| 517 | @a1949~1978 | |
| 606 | 0 | @a政治@x中国 |
| 690 | @aD621@v3 | |
| 701 | 0 | @a洪承华@4编 |
| 701 | 0 | @a郭秀芝@4编 |
| 801 | 0 | @aCN@b深圳图书馆@c20040421 |
| 801 | 2 | @aCN@bNLC@c20040421 |
| 905 | @dD6@e20:7@f1@b207327 | |
| 中华人民共和国政治体制沿革大事记:1949~1978/洪承华,郭秀芝编.-北京:春秋出版社,1987 |
| 509页;20cm.-(政治体制改革研究与资料丛书) |
| ISBN 7-5069-0022-X:CNY3.80 |
| ● |
| 相关链接 |
|
|
|
|
正题名:中华人民共和国政治体制沿革大事记
索取号:D6/20:7
 
预约/预借
| 序号 | 登录号 | 条形码 | 馆藏地/架位号 | 状态 | 备注 |
| 1 | 0207326 | 000485282 | 密集书库/ [索取号:D6/20:7] | 在馆 | |
| 2 | 0207327 | 002051594 | 第一样本阅览室/ [索取号:D6/20:7] | 在馆 |